Sports Quiz

Random Sports or Country Quiz

Best test bowlers Quiz Stats

 Plays Quiz not verified by Sporcle

Score 0/10 Timer 02:00
0 Plays Today
country bowler % Correct
australiaShane Warne
100%
australiaGlenn McGrath
96.6%
sri lankaMuttiah Muralitharan
93.1%
west indiesCourtney Walsh
93.1%
indiaAnil Kumble
86.2%
west indiesCurtly Ambrose
79.3%
PakistanWasim Akram
69%
new zealandRichard Hadlee
65.5%
south africaShaun Pollock
65.5%
indiaKapil Dev
48.3%

You're not logged in!

Compare scores with friends on all Sporcle quizzes.
OR
Log In

Show Comments

Extras

Created Jan 2, 2010ReportNominate
Tags:Country Quiz, bowler, test, wicket

Top Quizzes Today


Score Distribution

Your Account Isn't Verified!

In order to create a playlist on Sporcle, you need to verify the email address you used during registration. Go to your Sporcle Settings to finish the process.

Report this User

Report this user for behavior that violates our Community Guidelines.

Details: